000 00429nam a22001571a 4500
020 _a9788171194353
082 _aH3
_bRUS/P
245 _aPratibandhit hindi sahitya (part I)/
_cby Rustam Rai (ed.)
260 _aNew Delhi:
_bRadhakrishnam,
_c1999.
300 _a384p.
650 _aNovel Hindi
_9111461
650 _aLiterature Hindi
_9111462
650 _aLiterature
_9111463
700 _aRustam Rai (ed.)
_9111464
942 _cBK
999 _c35720
_d35720